000
00213pam a2200121 a 4500
020
_c
041
_h
100
_a
P. Sudhakar
245
_a
Trees of Madras
300
_a
81
653
_a
Nature
930
_a
929
999
_c
246782
_d
246782